[Event "European Youth Chess Championship B14"]
[Site "Prague, Top Hotel Prague"]
[Date "2012.08.18"]
[Round "2.9"]
[White "Morozov, Nichita"]
[Black "Paravyan, David"]
[Result "0-1"]
[PlyCount "0"]
[BlackElo "2271"]
[WhiteElo "2002"]

1. d4 {[%clk 1:30:56]} Nf6 {[%clk 1:30:55]} 2. Nf3 {[%clk 1:31:22]} g6 3. c4 Bg7
{[%clk 1:31:40]} 4. g3 {[%clk 1:32:10]} O-O {[%clk 1:31:43]} 5. Bg2
{[%clk 1:32:18]} d5 {[%clk 1:31:36]} 6. cxd5 {[%clk 1:32:05]} Nxd5
{[%clk 1:32:02]} 7. O-O {[%clk 1:32:27]} Nb6 {[%clk 1:32:54]} 8. Nc3
{[%clk 1:32:30]} Nc6 {[%clk 1:31:39]} 9. d5 {[%clk 1:28:32]} Na5 {[%clk 1:27:24]}
10. e4 {[%clk 1:05:51]} c6 11. Nd4 {[%clk 1:06:13]} cxd5 {[%clk 1:26:57]} 12.
exd5 {[%clk 0:49:40]} Bd7 {[%clk 0:56:05]} 13. Re1 {[%clk 0:40:23]} Re8
{[%clk 0:53:49]} 14. b3 {[%clk 0:35:28]} e6 {[%clk 0:53:58]} 15. Bb2
{[%clk 0:34:47]} exd5 {[%clk 0:48:45]} 16. Nxd5 {[%clk 0:34:58]} Nxd5
{[%clk 0:20:14]} 17. Bxd5 {[%clk 0:33:20]} Qg5 {[%clk 0:18:12]} 18. Qf3 Qf6 19.
Bxb7 {[%clk 0:25:57]} Nxb7 {[%clk 0:18:19]} 20. Qxb7 {[%clk 0:20:14]} Bh3
{[%clk 0:08:06]} 21. Rab1 Qd6 22. Qb5 {[%clk 0:15:02]} Rxe1+ {[%clk 0:07:10]} 23.
Rxe1 {[%clk 0:15:28]} Bxd4 0-1

[Event "European Youth Chess Championship B14"]
[Site "Prague, Top Hotel Prague"]
[Date "2012.08.18"]
[Round "2.10"]
[White "Kozionov, Kirill"]
[Black "Kovalev, Egor"]
[Result "0-1"]
[PlyCount "0"]
[BlackElo "1992"]
[WhiteElo "2257"]

1. d4 {[%clk 1:30:51]} d5 {[%clk 1:29:35]} 2. c4 {[%clk 1:30:47]} c6
{[%clk 1:30:03]} 3. Nf3 {[%clk 1:30:29]} Nf6 {[%clk 1:30:30]} 4. Nc3
{[%clk 1:30:27]} a6 {[%clk 1:30:56]} 5. g3 {[%clk 1:27:54]} b5 {[%clk 1:28:27]}
6. cxd5 {[%clk 1:23:57]} cxd5 {[%clk 1:28:51]} 7. Bg2 {[%clk 1:24:16]} Bf5
{[%clk 1:28:56]} 8. O-O {[%clk 1:24:08]} e6 {[%clk 1:29:11]} 9. Nh4
{[%clk 1:21:52]} Bg4 {[%clk 1:27:26]} 10. h3 {[%clk 1:16:32]} Bh5
{[%clk 1:27:50]} 11. g4 {[%clk 1:04:33]} Bg6 {[%clk 1:26:59]} 12. Bg5
{[%clk 1:01:36]} Be7 {[%clk 1:24:06]} 13. Nxg6 {[%clk 0:47:06]} hxg6
{[%clk 1:24:27]} 14. e3 {[%clk 0:46:27]} Nbd7 {[%clk 1:23:50]} 15. Qd3
{[%clk 0:43:17]} O-O {[%clk 1:23:22]} 16. f4 {[%clk 0:42:20]} b4 {[%clk 1:20:50]}
17. Ne2 {[%clk 0:40:47]} Ne8 {[%clk 1:19:01]} 18. Bxe7 {[%clk 0:40:44]} Qxe7
{[%clk 1:19:29]} 19. f5 {[%clk 0:36:02]} g5 {[%clk 1:18:15]} 20. Ng3
{[%clk 0:28:41]} Nef6 {[%clk 1:17:11]} 21. fxe6 {[%clk 0:28:22]} Qxe6
{[%clk 1:15:12]} 22. Rf5 {[%clk 0:24:49]} Qd6 {[%clk 1:09:07]} 23. Nh5
{[%clk 0:23:02]} Nxh5 {[%clk 0:55:55]} 24. Rxd5 {[%clk 0:22:23]} Qg3
{[%clk 0:54:48]} 25. gxh5 {[%clk 0:21:31]} Nf6 {[%clk 0:53:02]} 26. Rf5
{[%clk 0:17:40]} g4 {[%clk 0:52:11]} 27. Rg5 {[%clk 0:15:12]} Rae8
{[%clk 0:51:02]} 28. Rf1 {[%clk 0:14:19]} Rxe3 {[%clk 0:48:47]} 29. Qc2
{[%clk 0:07:28]} Re1 {[%clk 0:28:49]} 30. Qf2 {[%clk 0:05:06]} Rxf1+
{[%clk 0:21:14]} 31. Kxf1 {[%clk 0:05:31]} Qd3+ {[%clk 0:21:42]} 32. Kg1
{[%clk 0:05:07]} Rc8 {[%clk 0:21:47]} 33. hxg4 {[%clk 0:02:48]} Rc1+
{[%clk 0:21:33]} 34. Kh2 {[%clk 0:02:53]} Ne4 {[%clk 0:16:22]} 35. Qf4
{[%clk 0:02:45]} Rc2 36. Re5 {[%clk 0:02:35]} Nf6 {[%clk 0:13:46]} 37. Rc5
{[%clk 0:02:01]} Rxb2 {[%clk 0:13:17]} 38. h6 {[%clk 0:01:32]} Qg6
{[%clk 0:11:22]} 39. g5 {[%clk 0:00:58]} Nh5 {[%clk 0:08:02]} 40. Rc8+
{[%clk 0:30:42]} Kh7 {[%clk 0:38:32]} 41. Qe5 {[%clk 0:21:09]} f6
{[%clk 0:33:14]} 42. Qd5 {[%clk 0:20:12]} gxh6 {[%clk 0:17:34]} 43. Qa8
{[%clk 0:12:03]} Qf7 {[%clk 0:09:43]} 44. Rh8+ {[%clk 0:10:54]} Kg6
{[%clk 0:09:30]} 45. Qe4+ {[%clk 0:05:39]} Kxg5 {[%clk 0:08:31]} 46. Kg1
{[%clk 0:03:30]} Nf4 {[%clk 0:07:47]} 47. Bf1 {[%clk 0:02:44]} Qxa2
{[%clk 0:05:08]} 48. Rc8 {[%clk 0:01:13]} Qb3 {[%clk 0:02:53]} 49. Rc5+
{[%clk 0:01:05]} Kg4 {[%clk 0:03:22]} 50. Qf5+ {[%clk 0:00:35]} Kg3
{[%clk 0:03:38]} 51. Qe4 {[%clk 0:00:33]} Rg2+ {[%clk 0:02:50]} 52. Bxg2
{[%clk 0:00:37]} Qd1+ {[%clk 0:03:13]} 53. Bf1 {[%clk 0:00:51]} Nh3+
{[%clk 0:03:40]} 0-1

[Event "European Youth Chess Championship B14"]
[Site "Prague, Top Hotel Prague"]
[Date "2012.08.18"]
[Round "2.11"]
[White "Puskar, Peter"]
[Black "Minko, Vladimir"]
[Result "0-1"]
[WhiteElo "1998"]
[BlackElo "2257"]
[PlyCount "76"]
[EventDate "2012.08.17"]

1. d4 Nf6 2. c4 e6 3. Nf3 c5 4. d5 b5 5. b3 Bb7 6. dxe6 fxe6 7. Bf4 d5 8. e3 a6
9. Nbd2 Bd6 10. Bg3 O-O 11. Be2 Nc6 12. O-O Bxg3 13. hxg3 dxc4 14. bxc4 b4 15.
Ng5 Qe7 16. Bf3 Rad8 17. Qe2 h6 18. Nge4 Nd7 19. Bg4 Nce5 20. Bh3 Nb6 21. Rac1
Nd3 22. Rcd1 Na4 23. g4 Nab2 24. g5 Nxd1 25. Rxd1 hxg5 26. Qh5 Qf7 27. Qxf7+
Kxf7 28. Nxg5+ Ke7 29. Nxe6 Nb2 30. Nxf8 Kxf8 31. Rb1 Rxd2 32. Bg4 Na4 33. a3
Nc3 34. Rb3 a5 35. axb4 axb4 36. Kf1 Ra2 37. f3 Bc6 38. e4 Ba4 0-1

[Event "European Youth Chess Championship B14"]
[Site "Prague, Top Hotel Prague"]
[Date "2012.08.18"]
[Round "2.13"]
[White "Gajek, Radoslaw"]
[Black "Abramciuc, Marius"]
[Result "1-0"]
[WhiteElo "2200"]
[BlackElo "1990"]
[PlyCount "121"]
[EventDate "2012.08.17"]

1. e4 e5 2. Nf3 Nc6 3. Bc4 Bc5 4. O-O Nf6 5. d3 O-O 6. c3 d6 7. Nbd2 a6 8. Bb3
Ba7 9. h3 h6 10. Re1 Be6 11. Nf1 Re8 12. Ng3 d5 13. Qe2 Qd7 14. Kh2 Rad8 15.
Bc2 d4 16. Nh4 Ne7 17. c4 Bxc4 18. Bxh6 Be6 19. Bg5 Nh7 20. Bd2 Nf8 21. Qh5
Nfg6 22. Nf3 f6 23. Nf5 Bf7 24. Bb3 Bxb3 25. axb3 Nxf5 26. exf5 Nf8 27. Rac1 c6
28. Nh4 c5 29. b4 Qb5 30. Rc4 a5 31. Re4 axb4 32. Rg4 Qd7 33. Bh6 Re7 34. Rc1
Qe8 35. Ng6 Nxg6 36. Rxg6 b6 37. Ra1 Bb8 38. b3 Bd6 39. Ra6 e4+ 40. g3 e3 41.
Ra2 e2 42. Bxg7 Rxg7 43. Rxe2 Qf7 44. Re4 Rd7 45. Rh4 Kf8 46. Qh8+ Qg8 47.
Rxf6+ Ke7 48. Re6+ Kd8 49. f6 Rg6 50. f7 Rxf7 51. Rxg6 Qxh8 52. Rxh8+ Kc7 53.
Kg2 b5 54. Rh5 c4 55. dxc4 bxc4 56. bxc4 Rd7 57. c5 Bf8 58. c6 Rd8 59. Rh7+ Kc8
60. c7 Re8 61. Ra6 1-0

[Event "European Youth Chess Championship B14"]
[Site "Prague, Top Hotel Prague"]
[Date "2012.08.18"]
[Round "2.14"]
[White "Shtembuliak, Evgeny"]
[Black "Marek, Matyas"]
[Result "1-0"]
[WhiteElo "2153"]
[BlackElo "1975"]
[PlyCount "77"]
[EventDate "2012.08.17"]

1. b3 Nf6 2. Bb2 g6 3. Bxf6 exf6 4. e3 Bg7 5. d4 O-O 6. g3 d5 7. Bg2 c5 8. c3
Na6 9. Ne2 Be6 10. O-O Rc8 11. Nd2 cxd4 12. cxd4 Bf5 13. Nf4 Nb4 14. a3 Nd3 15.
Nxd5 Nb2 16. Qf3 Rc2 17. Ne4 Kh8 18. Nb4 Bxe4 19. Qxe4 Rc3 20. Qb1 a5 21. Nc6
Qb6 22. Nxa5 Rfc8 23. Qxb2 Qxa5 24. Bxb7 R8c7 25. b4 Qb5 26. Bg2 Qc4 27. Qa2
Qd3 28. Qd5 Bf8 29. b5 Kg7 30. b6 Rc8 31. b7 Rb8 32. a4 Rb3 33. a5 R3xb7 34.
Qxb7 Rxb7 35. Bxb7 Bd6 36. a6 Bb8 37. a7 Bxa7 38. Rxa7 Qb3 39. Bf3 1-0

[Event "European Youth Chess Championship B14"]
[Site "Prague, Top Hotel Prague"]
[Date "2012.08.18"]
[Round "2.15"]
[White "Murphy, Conor E"]
[Black "Blahynka, Martin"]
[Result "1/2-1/2"]
[WhiteElo "1976"]
[BlackElo "2145"]
[PlyCount "89"]
[EventDate "2012.08.17"]

1. Nf3 Nf6 2. g3 c5 3. Bg2 Nc6 4. c4 g6 5. O-O Bg7 6. Nc3 O-O 7. d4 cxd4 8.
Nxd4 Nxd4 9. Qxd4 d6 10. Qd3 a6 11. Bd2 Rb8 12. Rac1 Bf5 13. e4 Be6 14. Nd5 b5
15. b3 bxc4 16. Qxc4 Nd7 17. Qc7 Bxd5 18. exd5 Nc5 19. Qxd8 Rfxd8 20. Be3 Nd3
21. Rc7 Bf6 22. Rd1 Nb4 23. a4 Na2 24. Ra7 Nc3 25. Rd2 Rxb3 26. Rxa6 Rb1+ 27.
Bf1 Ne4 28. Rd3 Nc5 29. Bxc5 dxc5 30. d6 exd6 31. Raxd6 Rxd6 32. Rxd6 Bc3 33.
Kg2 Rb2 34. Rd8+ Kg7 35. Re8 Kf6 36. Bc4 Rb4 37. Re4 Rxa4 38. Rf4+ Ke5 39. Bxf7
Rxf4 40. gxf4+ Kxf4 41. Bg8 h6 42. h4 Kg4 43. Bf7 Kh5 44. f4 Kxh4 45. Bxg6
1/2-1/2

[Event "European Youth Chess Championship B14"]
[Site "Prague, Top Hotel Prague"]
[Date "2012.08.18"]
[Round "2.16"]
[White "Maslov, Ivan"]
[Black "Popov, Andrey"]
[Result "0-1"]
[WhiteElo "1975"]
[BlackElo "2130"]
[PlyCount "114"]
[EventDate "2012.08.17"]

1. e4 e6 2. d4 d5 3. Nd2 Nf6 4. e5 Nfd7 5. Bd3 c5 6. c3 Nc6 7. Ne2 cxd4 8. cxd4
f6 9. exf6 Qxf6 10. O-O Bd6 11. Nf3 h6 12. Ng3 O-O 13. Bc2 Rf7 14. a3 Nf8 15.
Qd3 Bd7 16. Bd2 Be8 17. Nh5 Qd8 18. Rae1 Rc8 19. Bb1 a6 20. Ng3 Ne7 21. Qe2 Bb5
22. Bd3 Bxd3 23. Qxd3 Neg6 24. Rc1 Rxc1 25. Rxc1 Rc7 26. Re1 Qf6 27. Ne2 Rf7
28. Ng3 Ne7 29. Nh5 Qg6 30. Qxg6 Nexg6 31. Rc1 Rc7 32. Rxc7 Bxc7 33. Bc3 Nd7
34. Kf1 Kf7 35. Ke2 Ne7 36. Ng3 g5 37. Kd3 Ng6 38. Ne2 Nf6 39. h3 Ne4 40. Be1
h5 41. Nd2 Nd6 42. g3 Kf6 43. Nc3 Nf5 44. Nf3 Nd6 45. Bd2 Nf7 46. Bc1 h4 47.
Ne2 e5 48. Bxg5+ Nxg5 49. dxe5+ Bxe5 50. Nxg5 Kxg5 51. f4+ Bxf4 52. gxh4+ Kf5
53. h5 Ne7 54. Nxf4 Kxf4 55. h6 Ke5 56. h4 Ng6 57. h5 Nh8 0-1

[Event "European Youth Chess Championship B14"]
[Site "Prague, Top Hotel Prague"]
[Date "2012.08.18"]
[Round "2.17"]
[White "Tarasov, Alexandr"]
[Black "Striechman, Orri"]
[Result "1-0"]
[WhiteElo "2124"]
[BlackElo "1969"]
[PlyCount "85"]
[EventDate "2012.08.17"]

1. d4 e6 2. c4 f5 3. Nf3 Nf6 4. Nc3 Bb4 5. Qb3 a5 6. g3 O-O 7. Bg2 d6 8. O-O
Bxc3 9. Qxc3 Ne4 10. Qc2 Nc6 11. d5 Nb4 12. Qd1 e5 13. Ne1 Nf6 14. Bd2 Bd7 15.
Bxb4 axb4 16. Nd3 Qe8 17. Nxb4 f4 18. e3 fxe3 19. fxe3 e4 20. Rf4 g5 21. Rf2
Ng4 22. Rxf8+ Qxf8 23. Qe2 Qh6 24. h3 Ne5 25. g4 Qh4 26. Qe1 Qh6 27. Qg3 Re8
28. b3 Qg7 29. Nc2 Qg6 30. Nd4 c5 31. dxc6 bxc6 32. Rf1 Nd3 33. Nf5 Re5 34. h4
h6 35. hxg5 Qxg5 36. Nxd6 Qg6 37. Nf7 Re6 38. Qb8+ Be8 39. Nd8 Re7 40. Nb7 Kh7
41. Nd6 Nc5 42. Nxe8 Rxe8 43. Qa7+ 1-0

[Event "European Youth Chess Championship B14"]
[Site "Prague, Top Hotel Prague"]
[Date "2012.08.18"]
[Round "2.18"]
[White "Kratochvil, Vit 98"]
[Black "Kudelya, Igor"]
[Result "0-1"]
[WhiteElo "1962"]
[BlackElo "2120"]
[PlyCount "92"]
[EventDate "2012.08.17"]

1. e4 c5 2. Nf3 Nc6 3. d3 g6 4. g3 Bg7 5. Bg2 e6 6. O-O Nge7 7. Re1 d5 8. Nbd2
b6 9. h4 h6 10. Qe2 Ba6 11. e5 Qc7 12. Nf1 Nd4 13. Nxd4 cxd4 14. Bf4 g5 15.
hxg5 Ng6 16. Qd2 O-O-O 17. gxh6 Bxe5 18. Bxe5 Nxe5 19. a4 Kb8 20. b4 Bc8 21. b5
Ng6 22. a5 Rd6 23. Ra4 Qc5 24. Rea1 Bb7 25. axb6 axb6 26. Qc1 e5 27. R1a2 Kc7
28. Qa1 Rdd8 29. Ra7 Rb8 30. Qc1 f6 31. Nh2 Nf8 32. Ng4 Nd7 33. Rb2 Rbg8 34.
Nh2 Rg6 35. Qa1 Rgxh6 36. Nf1 f5 37. Qa6 Rb8 38. Qa2 e4 39. dxe4 fxe4 40. Ra3
Ne5 41. Ra7 Rf6 42. Rb3 Nc4 43. Qa1 Rf7 44. Qe1 Rbf8 45. Qa1 Nd6 46. c3 d3 0-1

[Event "European Youth Chess Championship B14"]
[Site "Prague, Top Hotel Prague"]
[Date "2012.08.18"]
[Round "2.20"]
[White "Nikolovski, Nikola"]
[Black "Sheremet, Anton"]
[Result "1/2-1/2"]
[WhiteElo "1917"]
[BlackElo "2114"]
[PlyCount "120"]
[EventDate "2012.08.17"]

1. e4 c5 2. Nc3 Nc6 3. f4 e6 4. Nf3 d5 5. Bb5 Nge7 6. exd5 exd5 7. Qe2 Qd6 8.
Ne5 g6 9. Bxc6+ bxc6 10. b3 Bg7 11. Ba3 O-O 12. d4 Qf6 13. Bxc5 Qxf4 14. g3 Qf6
15. Rf1 Qe6 16. O-O-O Re8 17. Rde1 f6 18. Nd3 Nf5 19. Qf3 Qf7 20. Rxe8+ Qxe8
21. Re1 Be6 22. g4 Nh4 23. Qe2 Kf7 24. Qf2 g5 25. Bd6 Qd8 26. Bg3 Ng6 27. h3
Qa5 28. Kb2 Re8 29. Nc5 Bc8 30. Rxe8 Kxe8 31. Nd1 Ne7 32. c3 f5 33. gxf5 Nxf5
34. Ne3 Nxd4 35. b4 Qb5 36. cxd4 Qxb4+ 37. Nb3 Bxd4+ 38. Kb1 Bxh3 39. Qe2 Bxe3
40. Qxe3+ Qe4+ 41. Qxe4+ dxe4 42. Kc2 h5 43. Nc5 h4 44. Be5 Bf5 45. Kd2 g4 46.
Ke3 g3 47. Nxe4 g2 48. Bh2 Bxe4 49. Kxe4 Kd7 50. Kf3 c5 51. Kxg2 Kc6 52. Kh3 c4
53. Kxh4 Kb5 54. Kg4 Ka4 55. Kf3 Ka3 56. Ke3 Kxa2 57. Be5 a5 58. Kd2 Kb3 59.
Bc3 a4 60. Bg7 a3 1/2-1/2

[Event "European Youth Chess Championship B14"]
[Site "Prague, Top Hotel Prague"]
[Date "2012.08.18"]
[Round "2.21"]
[White "Aleksanyan, Gor"]
[Black "Pak, Alexander"]
[Result "0-1"]
[WhiteElo "1907"]
[BlackElo "2104"]
[PlyCount "126"]
[EventDate "2012.08.17"]

1. d4 d5 2. c4 c6 3. e3 Nf6 4. Nc3 g6 5. Nf3 Bg7 6. Bd3 Bg4 7. h3 Bxf3 8. Qxf3
O-O 9. O-O e6 10. Rd1 Qb6 11. b3 Nbd7 12. Bb2 Rfe8 13. e4 dxe4 14. Nxe4 Nxe4
15. Bxe4 e5 16. dxe5 Nxe5 17. Bxe5 Bxe5 18. Rd7 f5 19. Rad1 Rf8 20. Bd5+ Kh8
21. Bf7 Bf6 22. Qe2 Qc5 23. Rxb7 Rad8 24. Rdd7 Rxd7 25. Rxd7 f4 26. Qe4 Qg5 27.
Qxc6 Qe5 28. Qe6 Qa1+ 29. Kh2 f3 30. gxf3 Qb2 31. Rd2 Qe5+ 32. Kg2 Qf4 33. Re2
Bg7 34. Bxg6 Qxf3+ 35. Kh2 hxg6 36. Qg4 Qf6 37. Kg2 a5 38. Qg3 Rd8 39. Re4 Kg8
40. Rg4 Qc6+ 41. Kh2 Rd1 42. f3 Rd2+ 43. Kh1 Qf6 44. Rxg6 Rd1+ 45. Kh2 Qb2+ 46.
Qg2 Qe5+ 47. Qg3 Kf7 48. Rg4 Qb2+ 49. Qg2 Be5+ 50. f4 Rd2 51. fxe5 Qxe5+ 52.
Kg1 Rd1+ 53. Kf2 Rd2+ 54. Kg1 Rxg2+ 55. Rxg2 Qe1+ 56. Kh2 Qe3 57. Rg3 Qf4 58.
Kg2 Qd2+ 59. Kg1 Qxa2 60. Kf1 Qb1+ 61. Kg2 Kf6 62. Kf2 Qc2+ 63. Kg1 Kf5 0-1

[Event "European Youth Chess Championship B14"]
[Site "Prague, Top Hotel Prague"]
[Date "2012.08.18"]
[Round "2.22"]
[White "Aleksanyan, Hrant"]
[Black "Pulpan, Jakub"]
[Result "1-0"]
[WhiteElo "1898"]
[BlackElo "2087"]
[PlyCount "129"]
[EventDate "2012.08.17"]

1. d4 Nf6 2. c4 e6 3. Nf3 d5 4. Nc3 Be7 5. Bg5 O-O 6. e3 b6 7. cxd5 exd5 8. Bd3
Bb7 9. O-O c5 10. Rc1 Nbd7 11. Qe2 Ne4 12. Bxe7 Qxe7 13. Rfd1 Ndf6 14. dxc5
Nxc3 15. Rxc3 bxc5 16. Rdc1 Rac8 17. Qc2 c4 18. Bf5 Rc6 19. Nd4 Ra6 20. Qb1 g6
21. Bc2 Rb6 22. Qa1 Rb8 23. b3 Ba6 24. Rb1 Ne4 25. Bxe4 Qxe4 26. Re1 f5 27. Qd1
Kf8 28. Qf3 Qe5 29. Rcc1 Rf6 30. Qf4 Qe7 31. Red1 Rd8 32. h4 Qd6 33. g3 Qxf4
34. gxf4 Rc8 35. Nf3 Rb6 36. Nd4 Bb7 37. Rc3 Ra6 38. Rd2 Kf7 39. Kf1 cxb3 40.
Rxc8 Bxc8 41. Nxb3 Rd6 42. Ke1 Ba6 43. Nd4 Rb6 44. Kd1 Rb1+ 45. Kc2 Rh1 46. Nf3
Ke6 47. Rd1 Rxd1 48. Kxd1 h6 49. Kd2 Kf6 50. Kc3 Be2 51. Nd4 Bc4 52. a3 g5 53.
hxg5+ hxg5 54. fxg5+ Kxg5 55. Nc6 f4 56. Nxa7 fxe3 57. fxe3 Kf5 58. Kd4 Ke6 59.
e4 Bb3 60. e5 Ba4 61. Nc8 Bd7 62. Nb6 Bc6 63. a4 Kf5 64. a5 Bb7 65. Nxd5 1-0

[Event "European Youth Chess Championship B14"]
[Site "Prague, Top Hotel Prague"]
[Date "2012.08.18"]
[Round "2.23"]
[White "Rudakov, Aleksandr"]
[Black "Tomczak, Mikolaj"]
[Result "0-1"]
[WhiteElo "2086"]
[BlackElo "1901"]
[PlyCount "150"]
[EventDate "2012.08.17"]

1. e4 c5 2. Nf3 Nc6 3. Bb5 d6 4. Bxc6+ bxc6 5. O-O e5 6. c3 g5 7. d4 g4 8. Nfd2
cxd4 9. cxd4 exd4 10. Qa4 Qb6 11. Nb3 Bg7 12. Na5 Bd7 13. Nc4 Qc7 14. Bf4 Be5
15. Bxe5 dxe5 16. Qa3 Be6 17. Nbd2 Ne7 18. Qc5 f6 19. Rac1 O-O 20. b4 Rab8 21.
a4 Qd7 22. Rc2 Rfc8 23. Nd6 Rd8 24. N2c4 Nc8 25. Nxc8 Rbxc8 26. Nb2 Qd6 27. Nd3
Qxc5 28. Rxc5 Bb3 29. Ra1 Kf7 30. Kf1 Ke7 31. Ke2 Kd6 32. Ra5 Rc7 33. Rc1 Rb8
34. Kd2 h5 35. Rcc5 Ba2 36. Kc2 Rbb7 37. Kb2 Be6 38. Ka3 h4 39. Rc1 Rb6 40.
Rac5 a6 41. R1c2 Rc8 42. f4 gxf3 43. gxf3 Rb7 44. f4 exf4 45. Nxf4 Rd7 46. Nh5
d3 47. Rd2 Ke7 48. Nf4 Rd4 49. Rxd3 Rxe4 50. Nxe6 Kxe6 51. Rdc3 Kd7 52. Rh5 Rb8
53. Rh7+ Kd6 54. Rd3+ Ke6 55. Ra7 Rbxb4 56. Rxa6 Rbc4 57. Ra8 Rcd4 58. Rc3 Kd6
59. h3 f5 60. Ra6 Rc4 61. Rd3+ Red4 62. Rf3 f4 63. Ra8 Re4 64. a5 Re3+ 65. Rxe3
fxe3 66. Re8 Rc5 67. Rxe3 Rxa5+ 68. Kb4 Re5 69. Rd3+ Rd5 70. Re3 Rd4+ 71. Kc3
Rf4 72. Kd3 Kd5 73. Kd2 c5 74. Kc3 Rc4+ 75. Kb3 Rc1 0-1

[Event "European Youth Chess Championship B14"]
[Site "Prague, Top Hotel Prague"]
[Date "2012.08.18"]
[Round "2.24"]
[White "Sibashvili, Giorgi"]
[Black "Sirosh, Ilja"]
[Result "1-0"]
[WhiteElo "2073"]
[BlackElo "1889"]
[PlyCount "89"]
[EventDate "2012.08.17"]

1. d4 Nf6 2. c4 e6 3. Nf3 b6 4. a3 Ba6 5. Nbd2 Bb7 6. g3 c5 7. dxc5 bxc5 8. Bg2
Be7 9. O-O O-O 10. b3 d6 11. Bb2 Qb6 12. Qc2 a5 13. Rab1 Nbd7 14. Rfd1 Bc6 15.
Bc3 Qb7 16. Ne1 Bxg2 17. Nxg2 Qc6 18. e4 Rfe8 19. Ne3 Bf8 20. Qd3 Ne5 21. Bxe5
dxe5 22. f3 Red8 23. Qc3 Qc7 24. Rb2 g6 25. Nb1 Rd4 26. Rbd2 Bh6 27. a4 Rad8
28. Kf2 Ne8 29. Na3 f5 30. Nb5 Qf7 31. Ke2 Nd6 32. Qxa5 Rd7 33. Nxd6 R7xd6 34.
Qxc5 fxe4 35. fxe4 Bxe3 36. Kxe3 Qb7 37. Rxd4 exd4+ 38. Rxd4 Qxb3+ 39. Kf4 Rxd4
40. Qxd4 Qxa4 41. Ke5 Qe8 42. Qd6 Kf7 43. Qc7+ Kg8 44. c5 Qa8 45. c6 1-0

[Event "European Youth Chess Championship B14"]
[Site "Prague, Top Hotel Prague"]
[Date "2012.08.18"]
[Round "2.25"]
[White "Utnasanov, Adyan"]
[Black "Foniak, Ivan"]
[Result "0-1"]
[WhiteElo "1882"]
[BlackElo "2067"]
[PlyCount "74"]
[EventDate "2012.08.17"]

1. d4 Nf6 2. Nf3 g6 3. c4 Bg7 4. Nc3 O-O 5. h3 d5 6. e3 c5 7. dxc5 Qa5 8. Qd2
dxc4 9. Ne4 Qb5 10. a4 Qc6 11. Nxf6+ Bxf6 12. Qb4 Na6 13. Qxc4 Be6 14. Qf4 Nxc5
15. Bb5 Qxb5 16. axb5 Nd3+ 17. Kf1 Nxf4 18. exf4 Bc4+ 19. Kg1 Bxb5 20. Kh2 a6
21. Ne5 Rfd8 22. Be3 Rd5 23. Rhd1 Rxd1 24. Rxd1 Rc8 25. b4 Bg7 26. Nf3 Bc3 27.
Rc1 Bd7 28. Rd1 Be6 29. Bc5 a5 30. Bxe7 axb4 31. Nd4 b3 32. Nb5 Bg7 33. g4 b2
34. Na3 Bb3 35. Rd6 Ba2 36. Rb6 Rc7 37. Bd6 Rc6 0-1

[Event "European Youth Chess Championship B14"]
[Site "Prague, Top Hotel Prague"]
[Date "2012.08.18"]
[Round "2.26"]
[White "Plenca, Jadranko"]
[Black "Havelka, Josef"]
[Result "1-0"]
[WhiteElo "2061"]
[BlackElo "1856"]
[PlyCount "111"]
[EventDate "2012.08.17"]

1. e4 e6 2. d4 d5 3. Nc3 Bb4 4. Bd3 c5 5. Nf3 Nf6 6. exd5 Nxd5 7. Bd2 cxd4 8.
Nb5 Bc5 9. Nbxd4 Nc6 10. Nxc6 bxc6 11. O-O h6 12. c4 Ba6 13. Qe2 Nf6 14. Bc3
O-O 15. Rad1 Qe7 16. Ne5 Bb7 17. Bb1 Rad8 18. Qc2 Rxd1 19. Rxd1 Rd8 20. Ng4
Rxd1+ 21. Qxd1 Nxg4 22. Qxg4 Qg5 23. Qxg5 hxg5 24. g4 Bd6 25. Be4 f6 26. Bd4 c5
27. Bxc5 Bxc5 28. Bxb7 Kf7 29. Ba6 Ke7 30. Kf1 Kd6 31. Ke2 Ke5 32. h3 Kd4 33.
a3 e5 34. b4 Bd6 35. c5 Bc7 36. Kd2 Bd8 37. Bc8 Kc4 38. Kc2 Bc7 39. Be6+ Kd4
40. Bf5 Kc4 41. Bd3+ Kd4 42. Bf1 g6 43. Kb3 f5 44. Ka4 e4 45. Kb5 f4 46. Kc6
Be5 47. Kd7 Kc3 48. Ke6 Bb8 49. Kd5 Kd2 50. Kxe4 Ke1 51. Bg2 Kxf2 52. Bf3 Kg3
53. a4 Kxh3 54. a5 a6 55. c6 Bc7 56. b5 1-0

[Event "European Youth Chess Championship B14"]
[Site "Prague, Top Hotel Prague"]
[Date "2012.08.18"]
[Round "2.27"]
[White "Suarez Gomez, Julio"]
[Black "Kiss, Balint"]
[Result "1-0"]
[WhiteElo "2057"]
[BlackElo "1840"]
[PlyCount "69"]
[EventDate "2012.08.17"]

1. e4 e5 2. Nf3 Nc6 3. Bb5 a6 4. Ba4 Nf6 5. d4 exd4 6. O-O Be7 7. Re1 d6 8.
Nxd4 Bd7 9. c3 O-O 10. Bc2 Re8 11. Bg5 h6 12. Bh4 Ne5 13. Bg3 Ng6 14. Nd2 Bf8
15. Nf1 c5 16. Nb3 Bc6 17. f3 d5 18. e5 Nh5 19. e6 Nxg3 20. Nxg3 Nf4 21. exf7+
Kxf7 22. Rxe8 Bxe8 23. Ne2 Nxe2+ 24. Qxe2 Qf6 25. Qf2 b6 26. Qg3 Bd6 27. Qh3
Qe5 28. f4 Qe6 29. Bf5 Qe7 30. Kf2 Bc6 31. Re1 Qd8 32. Qg4 Ra7 33. Re6 Rd7 34.
Bg6+ Kf8 35. Qf5+ 1-0

[Event "European Youth Chess Championship B14"]
[Site "Prague, Top Hotel Prague"]
[Date "2012.08.18"]
[Round "2.28"]
[White "Miknevicius, Laurynas"]
[Black "Haria, Ravi"]
[Result "1-0"]
[WhiteElo "1830"]
[BlackElo "2054"]
[PlyCount "77"]
[EventDate "2012.08.17"]

1. d4 Nf6 2. c4 c5 3. d5 b5 4. Nf3 e6 5. Bg5 exd5 6. cxd5 d6 7. e4 a6 8. Nbd2
Be7 9. Be2 Nxd5 10. Bxe7 Nxe7 11. a4 b4 12. O-O O-O 13. Rc1 Bb7 14. Re1 Nd7 15.
Bc4 Ng6 16. Nf1 Nde5 17. Nxe5 Nxe5 18. Bd5 Bxd5 19. Qxd5 c4 20. Re3 Qf6 21. Rc2
Rac8 22. Qa5 Nd3 23. Qxa6 b3 24. Rce2 Qd4 25. Rd2 Ra8 26. Qc6 Qc5 27. Qd7 Ra7
28. Qg4 Rxa4 29. e5 c3 30. Qxa4 c2 31. Rdxd3 c1=Q 32. Rc3 Qxb2 33. Rxc5 dxc5
34. Qxb3 Qd4 35. Qc3 Qd5 36. Qd2 Qc6 37. Rc3 c4 38. Qd6 Qe4 39. Qc7 1-0

[Event "European Youth Chess Championship B14"]
[Site "Prague, Top Hotel Prague"]
[Date "2012.08.18"]
[Round "2.29"]
[White "Skorepa, Jakub"]
[Black "Garriga Cazorla, Pere"]
[Result "0-1"]
[WhiteElo "1680"]
[BlackElo "2043"]
[PlyCount "64"]
[EventDate "2012.08.17"]

1. e4 c5 2. Nf3 d6 3. d4 cxd4 4. Nxd4 Nf6 5. Bd3 a6 6. c4 e6 7. Nc3 Be7 8. O-O
O-O 9. b3 b6 10. Bb2 Bb7 11. Qe2 Nbd7 12. Rae1 Qc7 13. Kh1 Ne5 14. Bb1 Ng6 15.
f4 e5 16. fxe5 dxe5 17. Nf5 Bc5 18. Nd5 Bxd5 19. exd5 Rfe8 20. Qf3 Bf8 21. Be4
Nxe4 22. Rxe4 Ra7 23. Rd1 Bd6 24. Nxd6 Qxd6 25. b4 f5 26. Qxf5 Rf7 27. Qh3 Ref8
28. Ree1 Qxb4 29. Qc3 Qa4 30. Qb3 Qd7 31. Qxb6 Qg4 32. Qe3 Rf2 0-1

[Event "European Youth Chess Championship B14"]
[Site "Prague, Top Hotel Prague"]
[Date "2012.08.18"]
[Round "2.30"]
[White "Vetrov, Gleb"]
[Black "Kostka, Vit"]
[Result "1-0"]
[WhiteElo "2043"]
[BlackElo "1820"]
[PlyCount "57"]
[EventDate "2012.08.17"]

1. d4 Nf6 2. c4 g6 3. Nf3 Bg7 4. g3 O-O 5. Bg2 d6 6. O-O Nbd7 7. Nc3 e5 8. b3
c6 9. Qc2 Nh5 10. Rd1 f5 11. e4 fxe4 12. Nxe4 d5 13. cxd5 cxd5 14. Nc3 e4 15.
Ne5 Nb6 16. a4 a5 17. Ba3 Re8 18. Nb5 Rxe5 19. dxe5 Bxe5 20. Bb2 Bxb2 21. Qxb2
Bg4 22. Rd2 Qe7 23. Qd4 Qg5 24. Rc1 Re8 25. Rdc2 Re6 26. h4 Qf5 27. Rc8+ Nxc8
28. Rxc8+ Kf7 29. Qh8 1-0

[Event "European Youth Chess Championship B14"]
[Site "Prague, Top Hotel Prague"]
[Date "2012.08.18"]
[Round "2.33"]
[White "Dolana, Andrei-Theodor"]
[Black "Vangsgaard, Bjarke"]
[Result "1-0"]
[WhiteElo "2136"]
[BlackElo "1780"]
[PlyCount "49"]
[EventDate "2012.08.17"]

1. e4 d5 2. exd5 Qxd5 3. Nc3 Qa5 4. d4 Bf5 5. Nf3 Nf6 6. Ne5 c6 7. Bc4 e6 8.
Qe2 Ne4 9. O-O Nxc3 10. bxc3 Qxc3 11. Rb1 b5 12. Bxb5 Qxc2 13. Bd2 Ba3 14. Nxc6
Nxc6 15. Rbc1 Bxc1 16. Rxc1 Qxc1+ 17. Bxc1 Kd7 18. Qf3 Rhc8 19. d5 Ke7 20. dxc6
Kf8 21. Ba3+ Kg8 22. c7 a6 23. Bd7 Rab8 24. cxb8=R Rxb8 25. h4 1-0